[Event "Zadar op"]
[Site "Zadar"]
[Date "1998.??.??"]
[Round "2"]
[White "Biti, Ozren"]
[Black "Kovacevic, Blazimir"]
[Result "1/2-1/2"]
[WhiteElo "2220"]
[BlackElo "2395"]

1.e4 e6 2.d4 d5 3.Nd2 Be7 4.Bd3 c5 5.dxc5 Nd7 6.exd5 exd5 7.Nb3 Nxc5 8.Nxc5 Bxc5
9.Qe2+ Ne7 10.Be3 Bd6 11.Nf3 O-O 12.Nd4 Nc6 13.O-O-O Qf6 14.Qh5 g6 15.Qf3 Be5
16.Qxf6 Bxf6 17.c3 Bg4 18.f3 Be6 19.Nxc6 bxc6 20.Bc5 Rfe8 21.f4 Bf5 22.Bxf5 gxf5
23.Rhe1 Re6 24.Kd2 Bd8 25.Kd3 Bb6 26.Rxe6 fxe6 27.Kd4 Kf7 28.g3 h5 29.b4 Bd8
30.Rb1 Bf6+ 31.Kd3 a6 32.Re1 h4 33.Bd4 Be7 34.Ke3 a5 35.a3 axb4 36.axb4 Ra2
37.Re2 Ra1 38.Kf3 hxg3 39.hxg3 Rd1 40.Ke3 Rh1 41.Ra2 Re1+ 42.Kf2 Re4 43.Ra7 Ke8
44.Ra8+ Kd7 45.Ra7+ Ke8  1/2-1/2

[Event "Bad Zwesten op"]
[Site "Bad Zwesten"]
[Date "1999.01.05"]
[Round "7"]
[White "Pfretzschner, Roland"]
[Black "Jostes, Marko"]
[Result "1-0"]
[WhiteElo "2285"]
[BlackElo "2085"]

1.e4 e6 2.d4 d5 3.Nd2 Nc6 4.Ngf3 Nf6 5.e5 Nd7 6.Nb3 f6 7.exf6 Qxf6 8.Be2 Bd6
9.O-O O-O 10.Bg5 Qf7 11.Bh4 h6 12.Bg3 e5 13.c4 e4 14.Nfd2 Nf6 15.cxd5 Ne7
16.Bc4 Bg4 17.Qe1 Bf5 18.Nc5 Bxc5 19.d6 Be6 20.Bxe6 Qxe6 21.dxc5 cxd6 22.Bxd6 Rfd8
23.Nxe4 Nxe4 24.f3 Nf5 25.Qxe4 Qxe4 26.fxe4 Nxd6 27.cxd6 Rxd6 28.Rf2 Re8
29.Re1 Rd4 30.Rfe2 Kf7 31.Re3 Rc8 32.R1e2 Ke6 33.Kf2 Ke5 34.Rb3 Rf8+ 35.Rf3 Rf4
36.Rxf4 Kxf4 37.g3+ Ke5 38.Kf3 Rd1 39.h4 h5 40.Re3 Rf1+ 41.Ke2 Ra1 42.Rb3 Kxe4
43.a3 b6 44.Rb4+ Kf5 45.Rb5+ Kg6 46.Rg5+ Kh6 47.Kd2 Rf1 48.Kc3 Rf3+ 49.Kc4 g6
50.a4 Kg7 51.b4 Re3 52.Kb5 Rb3 53.Kc4 Re3 54.a5 Re6 55.a6 Kf6 56.Kd5 Kf7
57.Re5 Rf6 58.Re3 b5 59.Ra3 Ke7 60.Kc5 Rb6 61.Ra5 Kf6 62.Rxb5 Rxa6 63.Ra5 Re6
64.Rxa7 Re3 65.b5 Rxg3 66.b6 Kf5 67.Ra5 Ke6 68.b7 Rc3+ 69.Kb6  1-0

[Event "Hoogovens 5'"]
[Site "Wijk aan Zee"]
[Date "1999.01.18"]
[Round "10"]
[White "Anand, Viswanathan"]
[Black "Topalov, Veselin"]
[Result "1/2-1/2"]
[WhiteElo "2784"]
[BlackElo "2700"]

1.e4 e6 2.d4 a6 3.Nd2 d5 4.Ngf3 c5 5.dxc5 Bxc5 6.Bd3 Nc6 7.O-O Nge7 8.exd5 exd5
9.Nb3 Bb6 10.Re1 O-O 11.Be3 Bc7 12.h3 h6 13.c3 Re8 14.Qc2 Qd6 15.Rad1 Qf6
16.Nbd4 Bd7 17.Qd2 Ng6 18.Nxc6 bxc6 19.Bd4 Qd6 20.b4 a5 21.a3 axb4 22.axb4 Rxe1+
23.Rxe1 Re8 24.Rxe8+ Bxe8 25.Qe3 Bd7 26.Bf1 f6 27.g3 Kf7 28.Bg2 Ne5 29.Nd2 Bf5
30.Nb3 Nc4 31.Qc1 Qe7 32.Bc5 Qd7 33.h4 Be4 34.Nd4 Bxg2 35.Kxg2 Be5 36.Nf3 Qg4
37.Qd1 Qe4 38.Bd4 g5 39.hxg5 hxg5 40.Kg1 Bd6 41.Nd2 Nxd2 42.Qxd2  1/2-1/2

[Event "Bundesliga 9899"]
[Site "Germany"]
[Date "1999.01.30"]
[Round "8.1"]
[White "Onischuk, Alexander"]
[Black "Morozevich, Alexander"]
[Result "1-0"]
[WhiteElo "2646"]
[BlackElo "2723"]

1.e4 e6 2.d4 d5 3.Nd2 Be7 4.c3 c5 5.dxc5 Bxc5 6.Ngf3 Nf6 7.e5 Qb6 8.Nd4 Nfd7
9.Qg4 O-O 10.N2f3 Nc6 11.Bh6 g6 12.O-O-O Ndxe5 13.Qf4 f6 14.Bxf8 Bxf8 15.Qxf6 Ng4
16.Qh4 e5 17.Ng5 h5 18.Ndf3 Bf5 19.Rxd5 Nb4 20.Bc4 Kg7 21.Rhd1 Nxd5 22.Rxd5 Rc8
23.Nxe5 Be7 24.Bd3 Qxf2 25.Ne6+ Kh6  1-0

[Event "Hoogovens-B"]
[Site "Wijk aan Zee"]
[Date "1999.01.30"]
[Round "10"]
[White "Van der Wiel, John TH"]
[Black "Glek, Igor V"]
[Result "0-1"]
[WhiteElo "2529"]
[BlackElo "2566"]

1.e4 e6 2.d4 d5 3.Nd2 Be7 4.Ngf3 Nf6 5.Bd3 c5 6.exd5 Qxd5 7.dxc5 Nbd7 8.Qe2 Nxc5
9.Bc4 Qd6 10.Nb3 O-O 11.O-O b6 12.Rd1 Qc7 13.Qe5 Qxe5 14.Nxe5 Bb7 15.Nxc5 Bxc5
16.Be2 Rfd8 17.Nd3 Bd6 18.Bg5 h6 19.Bh4 e5 20.Bg3 Re8 21.c3 Rac8 22.f3 Nd5
23.Rd2 f5 24.Bd1 Nf6 25.Ba4 Bc6 26.Bxc6 Rxc6 27.Re2 e4 28.Rae1 Bf8 29.fxe4 fxe4
30.Nc1 Bc5+ 31.Kh1 b5 32.h3 e3 33.Nd3 Bb6 34.Be5 Ne4 35.Kg1 Nf2 36.Nb4 Rg6
37.Bd4 Bxd4 38.cxd4 Nxh3+ 39.Kh2 Nf4 40.Rxe3 Rxe3 41.Rxe3 Rxg2+ 42.Kh1 Rxb2
43.a3 a5 44.Nc6 a4 45.Re5 Rb3 46.Ne7+ Kh7 47.d5 b4 48.Re4 Rh3+ 49.Kg1 b3
50.Rxa4 Nd3 51.Ra8 Rh4 52.Rb8 Rb4 53.axb4 b2 54.d6 b1=Q+ 55.Kg2 Qb2+ 56.Kh3 Ne5  0-1

[Event "BL2-O9899"]
[Site "Germany"]
[Date "1999.01.31"]
[Round "5.6"]
[White "Tran, Phat"]
[Black "Vogler, Tilmann"]
[Result "0-1"]
[WhiteElo "2265"]
[BlackElo "2325"]

1.e4 e6 2.d4 d5 3.Nd2 Be7 4.Ngf3 b6 5.e5 h5 6.Bd3 Nh6 7.c3 a5 8.Nf1 Ba6 9.Bxh6 Rxh6
10.h4 c5 11.Ne3 Qd7 12.O-O Bxd3 13.Qxd3 Nc6 14.Rfd1 Rc8 15.Rac1 c4 16.Qc2 b5
17.b3 Ba3 18.Rb1 Ne7 19.bxc4 dxc4 20.Qe4 Nd5 21.Nxd5 exd5 22.Qe3 Be7 23.Ng5 b4
24.Qf3 Bxg5 25.hxg5 Rg6 26.cxb4 axb4 27.Rxb4 Rxg5 28.Rdb1 c3 29.Rc1 c2 30.Rb2 Qg4
31.Qxg4 Rxg4 32.Rb4 Rg6 33.Kf1 Rgc6 34.Ke2 Ke7  0-1

[Event "Yangon schev"]
[Site "Yangon"]
[Date "1999.02.04"]
[Round "5"]
[White "Ye Jiangchuan"]
[Black "Myo Naing"]
[Result "1-0"]
[WhiteElo "2564"]
[BlackElo "2445"]

1.e4 e6 2.d4 d5 3.Nd2 Be7 4.Bd3 Nc6 5.Ngf3 Nb4 6.Be2 dxe4 7.Nxe4 Nf6 8.Nxf6+ Bxf6
9.c3 Nd5 10.Qc2 b6 11.Bb5+ Bd7 12.Bd3 Bc6 13.O-O Qd6 14.Nd2 Ne7 15.Ne4 Bxe4
16.Bxe4 c6 17.Bd2 Rd8 18.Rad1 h6 19.Bc1 O-O 20.Rd3 Kh8 21.Rh3 Ng8 22.Qa4 b5
23.Qa6 Rc8 24.a4 bxa4 25.Qxa4 Rc7 26.Rh5 e5 27.dxe5 Bxe5 28.Rd1 Qe6 29.Bf5 Qe7
30.Bc2 Re8 31.Be3 Nf6 32.Rh4 Bd6 33.Rc4 c5 34.g3 Rcc8 35.Qa6 Red8 36.b4 Bb8
37.Rxc5 Rxd1+ 38.Bxd1 Rxc5 39.bxc5 Qd8 40.Bf3 Nd7 41.Bd4 Ne5 42.Be4 Qe8 43.Qb7 Qd8
44.c6 Bc7 45.Qxa7 f6 46.Qa2 Qe8 47.Qd5 Qh5 48.Kg2 Qe8 49.h3 Qe7 50.Bc5 Qe8
51.f4  1-0

[Event "Saint Vincent op"]
[Site "Saint Vincent"]
[Date "1999.02.06"]
[Round "1"]
[White "Godena, Michele"]
[Black "Chenaux, Patrick"]
[Result "0-1"]
[WhiteElo "2552"]
[BlackElo "2223"]

1.e4 e6 2.d4 d5 3.Nd2 a6 4.Ngf3 c5 5.dxc5 Bxc5 6.Bd3 Nf6 7.Qe2 Nc6 8.a3 h6
9.exd5 Nxd5 10.Ne4 Ba7 11.c4 Nde7 12.Bf4 O-O 13.Rd1 Qa5+ 14.Nc3 Rd8 15.O-O Nd4
16.Nxd4 Bxd4 17.Bb1 Nc6 18.Qc2 Qf5 19.Qxf5 exf5 20.Bc7 Re8 21.Nd5 Be6 22.b3 b5
23.Rfe1 bxc4 24.bxc4 Bc5 25.Bc2 Rec8 26.Ba4 Nd4 27.Ba5 Rab8 28.Kf1 Kf8 29.Bc3 Nc6
30.Rd3 g5 31.Rh3 Bd4 32.Bd2 Rb2 33.Rd3 Bc5 34.h4 f4 35.hxg5 hxg5  0-1

[Event "RUS-Cup03 (Geller mem)"]
[Site "Moscow"]
[Date "1999.02.07"]
[Round "6"]
[White "Akhmadeev, Vadim"]
[Black "Rustemov, Alexander"]
[Result "0-1"]
[WhiteElo "2467"]
[BlackElo "2539"]

1.e4 e6 2.d4 d5 3.Nd2 Be7 4.Ngf3 Nf6 5.exd5 exd5 6.Bd3 O-O 7.O-O Bg4 8.c3 c5
9.dxc5 Bxc5 10.Nb3 Bb6 11.Re1 Nc6 12.Be3 Re8 13.Bxb6 Qxb6 14.Be2 a5 15.Rb1 Bf5
16.Bd3 Rxe1+ 17.Nxe1 Ne4 18.Qf3 g6 19.Qe3 Qxe3 20.fxe3 Ne5 21.Nd4 Bd7 22.Ndf3 Ng4
23.Nc2 Nc5 24.Bf1 Bf5 25.Nfd4 Nxe3 26.Nxf5 Nxf5 27.Rd1 Rd8 28.g4 Ne7 29.Ne3 Ne6
30.Bg2 Nf4 31.Bf3 g5 32.Kf2 Rd6 33.Rd2 Kg7 34.Kg3 Rh6 35.Bg2 b6 36.Bf1 Re6
37.Kf2 Re5 38.Bg2 Nxg2 39.Nxg2 f5 40.gxf5 Nxf5 41.Ne1 Nd6 42.Rc2 Kf6 43.Nf3 Rf5
44.Kg2 Rf4 45.Re2 Rg4+ 46.Kf1 Re4 47.Rc2 Ra4 48.a3 Rf4 49.Kg2 h6 50.h3 Nf5
51.Re2 Re4 52.Rd2 a4 53.Kf2 Rf4 54.Kg2 Ke6 55.Re2+ Re4 56.Rf2 b5 57.Kg1 Rf4
58.Re2+ Kf6 59.Nh2 Re4 60.Rd2 Ke5 61.Kf2 Rf4+ 62.Kg1 Ke6 63.Rd3 h5 64.Kg2 Re4
65.Kf2 Rf4+ 66.Kg2 Nh4+ 67.Kg1 Re4 68.Kf2 Ng6 69.Nf3 Rf4 70.Ke3 Rxf3+ 71.Kxf3 Ne5+
72.Ke3 Nxd3 73.Kxd3 Ke5 74.Ke3 g4 75.hxg4 hxg4  0-1

[Event "RUS-Cup03 (Geller mem)"]
[Site "Moscow"]
[Date "1999.02.12"]
[Round "3"]
[White "Abashev, Denis"]
[Black "Drozdovsky, Yuri"]
[Result "1/2-1/2"]
[WhiteElo "2455"]
[BlackElo "2312"]

1.e4 e6 2.d4 d5 3.Nd2 a6 4.Ngf3 c5 5.dxc5 Bxc5 6.Bd3 Nc6 7.a3 Nge7 8.b4 Ba7
9.Bb2 O-O 10.O-O Ng6 11.g3 d4 12.Ne1 e5 13.Qh5 Qd7 14.Kg2 Bb8 15.Nb3 Bd6
16.c3 dxc3 17.Bxc3 Qg4 18.Qxg4 Bxg4 19.Nf3 Rad8 20.Rfd1 Rd7 21.Bc4 Rfd8 22.h3 Bf8
23.Rxd7 Bxd7 24.h4 b5 25.Be2 Be6 26.Rb1 f6 27.h5 Nh8 28.Nfd2 Nf7 29.f4 f5
30.exf5 Bxf5 31.Rc1 Bd6 32.Bf3 Ne7 33.g4 Bc8 34.f5 Ng5 35.Nc5 Bxc5 36.bxc5 Nxf3
37.Nxf3 Bb7 38.Kf2 e4 39.Ng5 Rd3 40.Ne6 g6 41.hxg6 hxg6 42.c6 Bc8 43.Nc5 Rf3+
44.Ke2 gxf5 45.gxf5 Nxf5 46.Be5 Rxa3 47.Rd1 Ra2+ 48.Ke1 Rc2 49.Nxe4 Rxc6
50.Nd6 Nh4 51.Kd2 Ng6 52.Rg1  1/2-1/2

[Event "Cappelle op"]
[Site "Cappelle la Grande"]
[Date "1999.02.18"]
[Round "6"]
[White "Estrada Nieto, Julian"]
[Black "Kruppa, Yuri"]
[Result "0-1"]
[WhiteElo "2370"]
[BlackElo "2561"]

1.e4 e6 2.d4 d5 3.Nd2 Nc6 4.Ngf3 Nf6 5.e5 Nd7 6.Be2 Be7 7.Nf1 Na5 8.Ng3 c5
9.c3 cxd4 10.cxd4 Nb6 11.Bd3 Bd7 12.h4 h6 13.Nh5 g6 14.Nf4 Qc7 15.O-O Nc6
16.a3 g5 17.hxg5 hxg5 18.Ne2 g4 19.Nh2 Nxd4 20.Ng3 Qxe5 21.Nxg4 Qg7 22.Nh2 Ba4
23.Qe1 Bc2 24.Qe3 Nc4 25.Bxc4 dxc4 26.Bd2 Bd3 27.Bc3 Qh7  0-1

[Event "BL2-O9899"]
[Site "Germany"]
[Date "1999.02.21"]
[Round "6.7"]
[White "Krug, Stefan"]
[Black "Helbig, Jan"]
[Result "1/2-1/2"]
[WhiteElo "2165"]
[BlackElo "2205"]

1.e4 e6 2.d4 d5 3.Nd2 a6 4.Ngf3 Nf6 5.Bd3 Be7 6.O-O O-O 7.Qe2 c5 8.dxc5 Bxc5
9.e5 Nfd7 10.Nb3 Be7 11.c3 Nc6 12.Nbd4 Nc5 13.Bc2 Bd7 14.a4 a5 15.h4 Nxd4
16.Nxd4 f6 17.b4 axb4 18.cxb4 fxe5 19.bxc5 exd4 20.Qh5 g6 21.Bxg6 hxg6 22.Qxg6+ Kh8
23.Qh6+ Kg8  1/2-1/2

[Event "Belisce Metalis op 6th"]
[Site "Belisce"]
[Date "1999.02.26"]
[Round "5"]
[White "Delchev, Aleksander"]
[Black "Dusper, Hrvoje"]
[Result "1-0"]
[WhiteElo "2548"]
[BlackElo "2227"]

1.e4 e6 2.d4 d5 3.Nd2 Nc6 4.Ngf3 Nf6 5.e5 Nd7 6.Bb5 Be7 7.O-O h5 8.c3 a5
9.Re1 Na7 10.Bf1 c5 11.c4 Nb6 12.cxd5 exd5 13.dxc5 Bxc5 14.Nb3 Bb4 15.Bd2 Nc6
16.Bxb4 axb4 17.Nfd4 Nc4 18.e6 Qf6 19.exf7+ Kxf7 20.Nb5 Nxb2 21.Qxd5+ Be6
22.Nd6+  1-0

[Event "Chess Masters 3rd"]
[Site "Enghien-les-Bains"]
[Date "1999.03.04"]
[Round "2"]
[White "Ponomariov, Ruslan"]
[Black "Bauer, Christian"]
[Result "1/2-1/2"]
[WhiteElo "2609"]
[BlackElo "2528"]

1.e4 e6 2.d4 d5 3.Nd2 Nc6 4.Ngf3 Nf6 5.e5 Nd7 6.Be2 Be7 7.Nf1 O-O 8.Ne3 f6
9.exf6 Nxf6 10.O-O Bd6 11.c4 b6 12.b3 Bb7 13.Bb2 Bf4 14.a3 Qe8 15.Qd3 Rd8
16.cxd5 exd5 17.g3 Bxe3 18.fxe3 Ng4 19.Ng5 Qxe3+ 20.Qxe3 Nxe3 21.Rxf8+ Rxf8
22.Bd3 g6 23.Ne6 Rf7 24.Re1 Ng4 25.Bc1 Bc8 26.Bb5 Nce5 27.Ng5 Nf3+ 28.Nxf3 Rxf3
29.Re8+ Rf8 30.Rxf8+ Kxf8 31.Bf4 Ke7 32.Bxc7 Ne3 33.Bb8 Kd8 34.a4 a5 35.Kf2 Nc2
36.Be5 Bd7 37.Be2 Na1 38.Bd1 Bf5 39.Ke3 Bc2 40.Kd2 Bxd1 41.Kxd1 b5 42.axb5 Kc8
43.Kd2 Nxb3+ 44.Kc2 a4 45.Kc3 Kb7 46.Kb4 Nd2 47.Kxa4 Kb6 48.Kb4 Ne4 49.h4 Nf2
50.Bf6 Nd3+ 51.Kc3 Nf2 52.Kb4 Nd3+  1/2-1/2

[Event "BL2-O9899"]
[Site "Germany"]
[Date "1999.03.07"]
[Round "7.1"]
[White "Womacka, Mathias"]
[Black "Gdanski, Jacek"]
[Result "1-0"]
[WhiteElo "2475"]
[BlackElo "2540"]

1.e4 e6 2.d4 d5 3.Nd2 Be7 4.Bd3 c5 5.dxc5 Na6 6.Bb5+ Bd7 7.Bxa6 bxa6 8.exd5 exd5
9.Nb3 Bxc5 10.Nxc5 Qa5+ 11.Qd2 Qxc5 12.Qe3+ Qe7 13.Nf3 Be6 14.Bd2 Nh6 15.O-O Nf5
16.Qf4 Qb7 17.Bb4 Qb8 18.Qd2 Nd6 19.Ng5 O-O 20.Rfe1 Re8 21.Bc3 Qd8 22.Nxe6 fxe6
23.Qd3 Qb6 24.Re5 Nf7 25.Rh5 h6 26.Rh4 Rad8 27.Rb4 Qd6 28.Ra4 Rd7 29.Rxa6 Qb8
30.Re1 e5 31.Rg6 d4 32.Bd2 Qxb2 33.Qg3 Ng5 34.Bxg5 hxg5 35.Rxg5 Qxc2 36.Rgxe5 Rxe5
37.Qxe5 Qc6 38.Qe8+  1-0

[Event "Victor Ciocaltea Memorial"]
[Site "Bucharest"]
[Date "1999.03.14"]
[Round "11"]
[White "Vajda, Levente"]
[Black "Itkis, Boris"]
[Result "1/2-1/2"]
[WhiteElo "2484"]
[BlackElo "2462"]

1.e4 e6 2.d4 d5 3.Nd2 Be7 4.exd5 exd5 5.Bd3 Nf6 6.Ne2 O-O 7.O-O Bg4 8.h3 Bh5
9.g4 Bg6 10.f4 Bxd3 11.cxd3 c5 12.Nf3 c4 13.Ng3 cxd3 14.Qxd3 Nc6 15.a3 Ne4
16.Nxe4 dxe4 17.Qxe4 Re8 18.Re1 Nxd4 19.Qxd4 Qxd4+ 20.Nxd4 Bc5 21.Be3 Rxe3
22.Rxe3 Bxd4 23.Kf2 Re8 24.Re1 Kf8 25.Kf3 Bxe3 26.Rxe3 Rc8 27.Re2 f6 28.h4 Rc5
29.h5 Kf7 30.Rd2  1/2-1/2

[Event "BL2-N9899"]
[Site "Germany"]
[Date "1999.03.21"]
[Round "8.3"]
[White "Meier, Volker"]
[Black "Muse, Drazen"]
[Result "1-0"]
[WhiteElo "2335"]
[BlackElo "2310"]

1.e4 e6 2.d4 d5 3.Nd2 a6 4.Ngf3 Be7 5.Bd3 Nf6 6.e5 Nfd7 7.O-O c5 8.c3 Nc6
9.Qe2 g5 10.h3 h5 11.g4 hxg4 12.hxg4 Qb6 13.dxc5 Nxc5 14.Bc2 Bd7 15.Qe3 O-O-O
16.b4 Nxb4 17.cxb4 Qxb4 18.Qd4 Qa5 19.Nb3 Qb5 20.Be3 Qe2 21.Qd1 Qxd1 22.Rfxd1 Nxb3
23.Bxb3 Bc6 24.Bd4 b5 25.Kg2 Kd7 26.a4 b4 27.Rac1 Rh6 28.Rh1 Rdh8 29.Rxh6 Rxh6
30.Ne1 f5 31.f3 fxg4 32.fxg4 Rh8 33.Nd3 Rf8 34.Kg3 Rf7 35.Kg2 Bb7 36.Rf1 Rxf1
37.Kxf1 a5 38.Nc5+ Bxc5 39.Bxc5 Ba6+ 40.Kf2 Bc4 41.Bd1 Kc6 42.Bd4 Bd3 43.Ke3 Bc4
44.Kd2 Ba2 45.Be2 Bc4 46.Bd3  1-0

[Event "Bundesliga 9899"]
[Site "Germany"]
[Date "1999.03.21"]
[Round "13.1"]
[White "Rozentalis, Eduardas"]
[Black "Bauer, Christian"]
[Result "1-0"]
[WhiteElo "2577"]
[BlackElo "2528"]

1.e4 e6 2.d4 d5 3.Nd2 Nc6 4.Ngf3 Nf6 5.e5 Nd7 6.b3 f6 7.Bb2 fxe5 8.dxe5 Be7
9.g3 O-O 10.Bh3 Nc5 11.O-O Qe8 12.Qe2 Qh5 13.Bg2 Bd7 14.c4 Rad8 15.Rad1 Be8
16.cxd5 Rxd5 17.Nc4 Bg6 18.g4 Qxg4 19.Ne3 Qe4 20.Ng5 Qh4 21.Nxd5 Bxg5 22.Nxc7 Bh5
23.Qc2 Bf4 24.h3 b6 25.Nxe6 Nxe6 26.Qxc6 Ng5 27.Rd3 Be2 28.Qd5+ Kh8 29.Ba3 Rg8
30.Re1 Bxd3 31.Qxd3 Ne6 32.Qc4 Qh6 33.Rd1 Ng5 34.Bb2 Qg6 35.Kf1 Ne6 36.Qd3 Qg5
37.Qc4 Qf5 38.Qe4 Qg5 39.b4 h6 40.Rd6 Re8 41.Qc6 Qe7 42.Qc4 Bh2 43.Bc6 Nf4
44.Bxe8 Qg5 45.Ke1 Qg1+ 46.Kd2 Qxf2+ 47.Kc3 Qf3+ 48.Kc2 Ng2 49.Bc6  1-0

[Event "Bled op"]
[Site "Bled"]
[Date "1999.03.24"]
[Round "5"]
[White "Krstic, Uros"]
[Black "Praznik, Niko"]
[Result "1-0"]
[WhiteElo "2332"]
[BlackElo "2229"]

1.e4 e6 2.d4 d5 3.Nd2 Nc6 4.Ngf3 Nf6 5.e5 Nd7 6.Nb3 a5 7.a4 b6 8.c3 Be7 9.h4 Ncb8
10.Ng5 Nf8 11.Qf3 Bxg5 12.Bxg5 Qd7 13.h5 h6 14.Bh4 Ba6 15.Rh3 Bxf1 16.Kxf1 Nc6
17.Rg3 Rh7 18.Qd3 Ne7 19.Bxe7 Qxe7 20.c4 Qd7 21.Kg1 O-O-O 22.c5 Kb7 23.Qc3 Ra8
24.Rc1 Kb8 25.cxb6 cxb6 26.Nc5 Qd8 27.Qb3 Ka7 28.Rgc3 Rb8 29.Nd3 f5 30.Rc7+ Rb7
31.Rxb7+ Kxb7 32.Qb5 Ka7 33.Rc6 g5 34.Nc5  1-0

[Event "DEN-ch"]
[Site "Aarhus"]
[Date "1999.03.27"]
[Round "1"]
[White "Borge, Nikolaj"]
[Black "Fries Nielsen, Jens Ove"]
[Result "1-0"]
[WhiteElo "2466"]
[BlackElo "2447"]

1.e4 e6 2.d4 d5 3.Nd2 Be7 4.Ngf3 Nf6 5.e5 Nfd7 6.Bd3 c5 7.c3 b6 8.Qe2 cxd4
9.cxd4 a5 10.O-O Ba6 11.Ne1 Qc8 12.Ndf3 Nc6 13.Bd2 Bxd3 14.Nxd3 Qa6 15.Rac1 Rc8
16.Rc2 O-O 17.Rfc1 Qb7 18.h4 Na7 19.Bg5 Rxc2 20.Rxc2 Bxg5 21.Nxg5 h6 22.Nh3 Rc8
23.Rd2 Qc6 24.Ndf4 Nb5 25.Rd3 f5 26.exf6 Nxf6 27.a4 Na7 28.Rc3 Qd7 29.Rxc8+ Nxc8
30.Qxe6+ Qxe6 31.Nxe6 Kf7 32.Nc7 Ke7 33.Nf4 Kd6 34.Nb5+ Kd7 35.f3 Ne7 36.Kf2 Nf5
37.h5 Ne7 38.g4 Nh7 39.Nd3 Nf6 40.Ne5+ Ke6 41.Nc7+ Kd6 42.Nb5+ Ke6 43.Ke3 Nc8
44.Ng6 Ne7 45.Nf4+ Kd7 46.Nd3 Nc8 47.Kd2 Nd6 48.Ne5+ Ke7 49.Ng6+ Kd7 50.Nxd6 Kxd6
51.Nh4 Ke6 52.Ke3 Ne8 53.Nf5 Kf6 54.Kf4 Nc7 55.Nd6 Ke6 56.Nb5 Na6 57.Ke3 Nb4
58.f4 Kf6 59.Nc7 Ke7 60.f5 Kf6 61.Kf4 Nd3+ 62.Kg3 Nb4 63.Na8 Nc6 64.Nxb6 Nxd4
65.Nxd5+ Ke5 66.Nf4 Nb3 67.Ne6 Kf6 68.Kf4 Nd2 69.Nc5 Nc4 70.b3 Nd6  1-0

[Event "Hessen-ch"]
[Site "Baunatal"]
[Date "1999.03.27"]
[Round "3"]
[White "Janoschka, Arnd"]
[Black "Schild, Christoph"]
[Result "1/2-1/2"]
[WhiteElo "2249"]
[BlackElo "2217"]

1.e4 e6 2.d4 d5 3.Nd2 a6 4.Ngf3 c5 5.exd5 Qxd5 6.Bc4 Qc6 7.O-O Nf6 8.Re1 Be7
9.Ne5 Qc7 10.dxc5 Qxc5 11.Nb3 Qc7 12.Bf4 O-O 13.Qe2 Bd6 14.Rad1 b5 15.Bd3 Bb7
16.c4 Nbd7 17.Nxd7 Bxf4 18.Nxf6+ gxf6 19.Qg4+ Kh8 20.Qh4 f5 21.cxb5 Rg8 22.Bf1 axb5
23.Nd4 Rg6 24.Ne2 Bg5 25.Qg3 f4 26.Qc3+ Qxc3 27.Nxc3 Bf6 28.g3 b4 29.Ne4 Bxe4
30.Rxe4 Rxa2 31.Rxb4 Rxb2 32.Rxf4 Kg7 33.Bd3 Bg5 34.Bxg6 Bxf4 35.Bxf7 Bxg3
36.hxg3 Kxf7 37.Rd7+ Kg6 38.Re7 Re2 39.Kg2 e5 40.Kf3 Re1 41.Kg4 h5+ 42.Kh3 e4
43.g4 Kf6 44.Re8 hxg4+ 45.Kxg4 Re2 46.f3 exf3 47.Rf8+ Ke5 48.Kxf3 Ra2 49.Re8+  1/2-1/2

[Event "Mar del Plata op 30th"]
[Site "Mar del Plata"]
[Date "1999.03.27"]
[Round "1"]
[White "Fuentes, Alberto"]
[Black "Giaccio, Alfredo"]
[Result "0-1"]
[WhiteElo "2177"]
[BlackElo "2505"]

1.e4 e6 2.d4 d5 3.Nd2 a6 4.Ngf3 Nf6 5.Bd3 c5 6.e5 Nfd7 7.c3 Nc6 8.O-O Be7
9.Re1 cxd4 10.cxd4 Qb6 11.Nb3 a5 12.a4 Nb4 13.Bb1 Qd8 14.Bd2 b6 15.Re3 Ba6
16.Ne1 Rc8 17.f4 g6 18.g4 Nb8 19.f5 Bg5 20.Rg3 Bxd2 21.Qxd2 Kd7 22.Rh3 h5
23.fxe6+ fxe6 24.g5 Rf8 25.Rf3 Rxf3 26.Nxf3 Qf8 27.Kg2 Qf7 28.Nc1 N8c6 29.Ra3 Rf8
30.Ne2 Bxe2 31.Qxe2 Kc7 32.Rc3 Kb7 33.Bd3 Nxd3 34.Qxd3 Qf4 35.Kh1 Qe4 36.Qxe4 dxe4
37.Nd2 Rf4 38.Re3 Nxd4 39.Nxe4 Nf5 40.Nd6+ Kc6 41.Rd3 Nh4 42.h3 Rf3 43.Rxf3 Nxf3
44.Nc4 Kc5 45.b3 Nd4 46.Nd2 Kd5 47.Nc4 Nxb3 48.Nxb6+ Kxe5 49.Kg2 Kf4  0-1

[Event "Baden Casino op"]
[Site "Baden"]
[Date "1999.04.02"]
[Round "2"]
[White "Rabovszky, Gyorgy"]
[Black "Jurek, Josef"]
[Result "0-1"]
[WhiteElo "2089"]
[BlackElo "2362"]

1.e4 e6 2.d4 d5 3.Nd2 Be7 4.Bd3 c5 5.c3 cxd4 6.exd5 dxc3 7.bxc3 exd5 8.Ngf3 Nc6
9.Qc2 Nf6 10.O-O O-O 11.Bb2 Bg4 12.h3 Bh5 13.a4 Rc8 14.Bf5 Bg6 15.Nh4 Nd4
16.Qd3 Nxf5 17.Nxf5 Bc5 18.Nb3 Ne4 19.Nxc5 Rxc5 20.Ba3 Rxc3 21.Qxd5 Bxf5
22.Qxf5 Re8 23.Rfe1 Nf6 24.Bb2 Rc6 25.Bxf6 Rxf6 26.Qd5 b6 27.Rad1 Rxe1+ 28.Rxe1 Rd6
29.Qb3 g6 30.Kh2 Rd2 31.Qg3 Qd4 32.f3 Kg7 33.h4 h5 34.Qg5 Qd6+ 35.f4 Rd4
36.g3 Rd5  0-1

[Event "Dreifluesse op 7th"]
[Site "Passau"]
[Date "1999.04.02"]
[Round "2"]
[White "Schunk, Herbert"]
[Black "Fuchs, Michael"]
[Result "1/2-1/2"]
[WhiteElo "2225"]
[BlackElo "2020"]

1.e4 e6 2.d4 d5 3.Nd2 Be7 4.Ngf3 dxe4 5.Nxe4 Nf6 6.Bd3 Nbd7 7.O-O O-O 8.b3 b6
9.Bb2 Bb7 10.Qe2 g5 11.a4 Nd5 12.Rfd1 Nf4 13.Qe3 Nxd3 14.Rxd3 Nf6 15.Nxf6+ Bxf6
16.c4 Qe7 17.Rad1 Rfd8 18.Qc1  1/2-1/2

[Event "Baden Casino op"]
[Site "Baden"]
[Date "1999.04.04"]
[Round "4"]
[White "Rabovszky, Gyorgy"]
[Black "Sedina, Elena"]
[Result "0-1"]
[WhiteElo "2089"]
[BlackElo "2374"]

1.e4 e6 2.d4 d5 3.Nd2 Nc6 4.Ngf3 Nf6 5.e5 Nd7 6.Be2 b6 7.O-O Bb7 8.Re1 Qe7
9.c3 O-O-O 10.Qa4 f6 11.Ba6 Ndb8 12.Bxb7+ Kxb7 13.b4 Qd7 14.Nb3 Nxe5 15.Qxd7 Nxf3+
16.gxf3 Nxd7 17.Rxe6 Bd6 18.Bd2 Rhe8 19.Rae1 Rxe6 20.Rxe6 Nf8 21.Re2 Ng6
22.a4 Kc8 23.a5 Nh4 24.f4 Nf3+ 25.Kg2 Nxd2 26.Nxd2 Bxf4 27.axb6 axb6 28.Nf3 Kd7
29.Kh3 Ra8 30.Kg4 Bd6 31.h4 Ra3 32.Rc2 g6 33.Ne1 h5+  0-1

[Event "Budapest FS04 GM"]
[Site "Budapest"]
[Date "1999.04.06"]
[Round "4"]
[White "Hoffmann, Michael"]
[Black "Salmensuu, Olli"]
[Result "1-0"]
[WhiteElo "2407"]
[BlackElo "2449"]

1.e4 e6 2.d4 d5 3.Nd2 Be7 4.Bd3 c5 5.dxc5 Nf6 6.exd5 Qxd5 7.Ngf3 Qxc5 8.O-O Nbd7
9.Qe2 a6 10.Ne4 Qc7 11.Bg5 Nxe4 12.Qxe4 Nc5 13.Qe3 Nxd3 14.cxd3 Bxg5 15.Nxg5 Bd7
16.Rac1 Bc6 17.Nf3 Qe7 18.Ne5 Bd5 19.Rc5 O-O 20.Rfc1 Qd6 21.h4 f6 22.Nc4 Qd8
23.Nd2 Qe8 24.Rc7 Rf7 25.Ne4 Rxc7 26.Rxc7 Rd8 27.Qg3 Qg6 28.Qxg6 hxg6 29.a3 a5
30.Kf1 e5 31.g3 Bc6 32.Nc5 Bf3 33.Ke1 b6 34.Rd7 Rc8 35.Ne6 Rc2 36.Rxg7+ Kh8
37.Rxg6 f5 38.Ng5 Bc6 39.Nf7+ Kh7 40.Nxe5 Be8 41.Rxb6  1-0

[Event "Golden Cleopatra op 3rd"]
[Site "Cairo"]
[Date "1999.04.13"]
[Round "3"]
[White "Ahmed, Esam Aly"]
[Black "Mohamed, Farag Amrou"]
[Result "0-1"]
[WhiteElo "2337"]
[BlackElo "2240"]

1.e4 e6 2.d4 d5 3.Nd2 Nc6 4.Ngf3 Nf6 5.e5 Nd7 6.c3 f6 7.exf6 Qxf6 8.Bb5 Bd6
9.Nf1 O-O 10.Ne3 Ne7 11.Bd3 Nf5 12.Qc2 c6 13.Bd2 h6 14.O-O-O Nxe3 15.fxe3 e5
16.e4 dxe4 17.Bc4+ Kh8 18.Qxe4 Nb6 19.dxe5 Bf5 20.exf6 Bxe4 21.fxg7+ Kxg7
22.Bxh6+ Kxh6 23.Rxd6+ Kg7 24.Be2 Rae8 25.Rd2 Nd5 26.Nd4 Nf4 27.Rg1 Bg6 28.Bf1 Re1+
29.Rd1 Rxd1+ 30.Kxd1 c5 31.Nb3 b6 32.Bc4 Bd3 33.Nd2 Rd8 34.Bxd3 Nxd3 35.b3 Nf2+
36.Ke2 Ng4 37.h3 Re8+ 38.Kf3 Ne5+ 39.Kg3 Rd8 40.Ne4 Rd3+ 41.Kf2 Kg6 42.Re1 c4
43.Re3 Rd1 44.Ke2 Ra1 45.Nd2 Kf6 46.Nxc4 Rxa2+ 47.Nd2 a5 48.Kd1 b5 49.Re2 Ra1+
50.Kc2 a4 51.Kb2 Rh1 52.Ne4+ Kg6 53.Nc5 Kf5 54.bxa4 bxa4 55.Nxa4 Nd3+ 56.Kc2 Nf4
57.Rf2 Rg1 58.Nc5 Rxg2 59.Nd3 Rxf2+ 60.Nxf2 Ne6 61.Kd3 Kf4 62.Kc4 Ke3 63.h4 Kf4
64.Kd5 Ng7 65.c4 Nf5 66.c5 Nxh4  0-1

[Event "BL2-O9899"]
[Site "Germany"]
[Date "1999.04.18"]
[Round "9.1"]
[White "Ginsburg, Gennadij"]
[Black "Gdanski, Jacek"]
[Result "0-1"]
[WhiteElo "2495"]
[BlackElo "2540"]

1.e4 e6 2.d4 d5 3.Nd2 Be7 4.e5 c5 5.c3 Nc6 6.Ndf3 cxd4 7.cxd4 Bb4+ 8.Bd2 Qb6
9.a3 Bxd2+ 10.Qxd2 Na5 11.Qb4 Bd7 12.Rc1 Ne7 13.Rc5 Qxb4+ 14.axb4 Nc4 15.b3 Na3
16.Ne2 b6 17.Rc1 Nc6 18.Nf4 Nxb4 19.h4 Ke7 20.Nd3 Nc6 21.h5 h6 22.Rh4 Rhg8
23.Rg4 Kf8 24.Be2 Na5 25.Rc8+ Rxc8 26.b4 Nb3 27.Rf4 Bb5 28.g4  0-1

[Event "POL-ch"]
[Site "Polanica Zdroj"]
[Date "1999.04.24"]
[Round "2"]
[White "Staniszewski, Piotr"]
[Black "Gdanski, Jacek"]
[Result "1/2-1/2"]
[WhiteElo "2454"]
[BlackElo "2530"]

1.e4 e6 2.d4 d5 3.Nd2 Be7 4.Ngf3 Nf6 5.Bd3 c5 6.exd5 exd5 7.dxc5 Bxc5 8.Nb3 Bb6
9.Qe2+ Be6 10.Nfd4 Qe7 11.Nf5 Bxf5 12.Qxe7+ Kxe7 13.Bxf5 Re8 14.f3 Kf8+ 15.Kd1 Nc6
16.a4 a5 17.Bg5 Ne5 18.Nd2 Nc4 19.Nxc4 dxc4 20.Bxf6 gxf6 21.Bxh7 Be3 22.c3 Rad8+
23.Kc2 Rd2+ 24.Kb1 Rxg2 25.Ka2 Re5 26.Rae1 Bf4 27.Rxe5 Bxe5 28.Kb1 Bxh2 29.Be4 b6  1/2-1/2

[Event "Kleve op"]
[Site "Kleve"]
[Date "1999.05.16"]
[Round "6"]
[White "Eickhoff, Hermann"]
[Black "Stenzel, Thomas"]
[Result "1-0"]
[WhiteElo "2168"]
[BlackElo "2295"]

1.e4 e6 2.d4 d5 3.Nd2 Nc6 4.Ngf3 Nf6 5.e5 Nd7 6.c3 f6 7.Bb5 a6 8.Bxc6 bxc6
9.O-O a5 10.Re1 f5 11.Nf1 h6 12.Ng3 Be7 13.Nh5 Kf7 14.h3 Qg8 15.Nh2 g6 16.Nf4 Nf8
17.c4 Bd7 18.cxd5 cxd5 19.Bd2 Nh7 20.Rc1 Qb8 21.Nd3 Bb5 22.Nc5 Nf8 23.g4 h5
24.Nf3 hxg4 25.hxg4 Nd7 26.Ng5+ Bxg5 27.Bxg5 Nb6 28.b3 a4 29.Kg2 axb3 30.axb3 Ra2
31.Rc2 Rxc2 32.Qxc2 c6 33.Ra1 fxg4 34.Qd1 Kg8 35.Qxg4 Qe8 36.Ra7 Rh5 37.Re7 Qc8
38.Bf6  1-0